'AFRICA'-less Countries Quiz Stats

 Plays Quiz Updated Oct 6, 2016

Challenge
Share
Tweet
Embed
Score 0/6 Timer 02:00
4 Plays Today
Country % Correct
Togo
57.5%
Egypt
56.5%
Yemen
48.6%
Sweden
47.8%
Lesotho
36.2%
Kosovo
29.3%

You're not logged in!

Compare scores with friends on all Sporcle quizzes.
OR
Log In

You Might Also Like...

Show Comments

Extras

Top Quizzes Today


Score Distribution

Your Account Isn't Verified!

In order to create a playlist on Sporcle, you need to verify the email address you used during registration. Go to your Sporcle Settings to finish the process.

Report this User

Report this user for behavior that violates our Community Guidelines.

Details: